कथकळी केरळ (Record no. 29279)

MARC details
000 -LEADER
fixed length control field 00452nam a2200145Ia 4500
008 - FIXED-LENGTH DATA ELEMENTS--GENERAL INFORMATION
fixed length control field 090122s9999 xx 000 0 und d
082 ## - DEWEY DECIMAL CLASSIFICATION NUMBER
Item number 5201
Classification number 808.899282
100 ## - MAIN ENTRY--PERSONAL NAME
Personal name मंगळवेढेकर
Numeration राजा
245 ## - TITLE STATEMENT
Title कथकळी केरळ
600 ## - SUBJECT ADDED ENTRY--PERSONAL NAME
Personal name मंगळवेढेकर
630 ## - SUBJECT ADDED ENTRY--UNIFORM TITLE
Uniform title कथकळी केरळ
700 ## - ADDED ENTRY--PERSONAL NAME
Personal name मंगळवेढेकर
730 ## - ADDED ENTRY--UNIFORM TITLE
Uniform title कथकळी केरळ
942 ## - ADDED ENTRY ELEMENTS (KOHA)
Koha item type Book
Holdings
Withdrawn status Lost status Damaged status Not for loan Home library Current library Date acquired Total Checkouts Full call number Barcode Date last seen Copy number Price effective from Koha item type
        Dombivali Granthasangrahalaya, Dombivali Dombivali Granthasangrahalaya, Dombivali 01/22/2009   5201 DOM-5201 01/22/2009 1 01/22/2009 Book